La jurisprudencia de la Corte Interamericana de Derechos Humanos y su relevancia en el derecho penal internacional /

Análisis de los criterios jurisprudenciales generados por la Corte Interamericana de Derechos Humanos con motivo de las violaciones a los derechos humanos sometidos a su competencia jurisdiccional, entre los que se encuentran los casos de tortura, tratos crueles y degradantes; desaparición forzada d...

Fuld beskrivelse

Guardado en:
Bibliografiske detaljer
Hovedforfatter: Dondé Matute, Javier (autor)
Andre forfattere: Silva Meza, Juan N. (presentación) (presentación)
Format: Bog
Sprog:spansk
Udgivet: México : Instituto Nacional de Ciencias Penales, 2006, c2006
Fag:
Tags: Tilføj Tag
Ingen Tags, Vær først til at tagge denne postø!

MARC

LEADER 00000nam^a2200000^a^4500
001 000195816
005 20250521000000.0
009 20260310102803.91
020 |a 970-7680-31-8 
037 |a Acervo ITESO - Biblioteca 
041 |a ESP 
082 |a 323. 0980  |b DON 
100 |a Dondé Matute, Javier  |e (autor) 
245 1 3 |a La jurisprudencia de la Corte Interamericana de Derechos Humanos y su relevancia en el derecho penal internacional /  |c J. Dondé Matute ; presen. de J.N. Silva Meza. 
264 4 |a México :  |b Instituto Nacional de Ciencias Penales,  |c 2006, c2006 
300 |a 277 p. 
336 |a texto  |b txt  |2 rdacontenido 
337 |a sin mediación  |b n  |2 rdamedio 
338 |a volumen  |b nc  |2 rdasoporte 
520 |a Análisis de los criterios jurisprudenciales generados por la Corte Interamericana de Derechos Humanos con motivo de las violaciones a los derechos humanos sometidos a su competencia jurisdiccional, entre los que se encuentran los casos de tortura, tratos crueles y degradantes; desaparición forzada de personas y privación ilegal de la libertad. Dicho análisis pretende aportar elementos para el desarrollo del derecho penal internacional que de alguna manera puede incidir en el derecho aplicable de la Corte Penal Internacional. 
649 |a XX 
650 |a Corte Interamericana de Derechos Humanos -  |x Tema Principal 
650 |a Corte Penal Internacional 
650 |a Tribunales Internacionales 
650 |a Seguridad Jurídica 
650 |a Tortura 
650 |a Desaparecidos 
650 |a Detención de Personas 
650 |a Delitos 
650 |a Derechos Humanos 
650 |a Jurisprudencia -  |x Tema Principal 
650 |a Derecho Procesal Penal 
650 |a Derecho Procesal 
650 |a Derecho Penal 
650 |a Derecho Público 
650 |a Tratados Internacionales 
700 |a Silva Meza, Juan N.  |e (presentación) 
910 |a Fondo General 
920 |a Impresos - Libros 
930 |a Colección General 
905 |a 101 
901 |a 0500141810  |b IT1  |c ACC  |u 20250521 
902 |a https://opac.biblio.iteso.mx/vufind/Record/000195816